000 04394nam a2200457 i 4500
001 xb25526947
006 m d
007 cr n
008 181001t20182018enka sb 001 0 eng d
020 _a9781783745135
_q(pdf)
020 _a9781783745142
_q(epub)
020 _a9781783745159
_q(mobi)
020 _z9781783745111 (Paperback)
020 _z9781783745128 (Hardback)
020 _z9781783746217
_q(XML)
040 _aStSaUL
_beng
_erda
100 1 _aKrementsov, Nikolai,
_eauthor.
245 1 0 _aWith and without Galton
_h[electronic resource] :
_bVasilii Florinskii and the fate of eugenics in Russia /
_cNikolai Krementsov.
264 1 _bOpen Book Publishers,
300 _a1 online resource (xxvi, 668 pages) :
_b49 illustrations.
500 _aAvailable through Open Book Publishers.
504 _aIncludes bibliographical references in notes (pages 495-653) and index.
505 0 _aPreface -- List of Abbreviations -- List of Illustrations -- Note on Names, Transliterations, and Translations -- Acknowledgments -- The Faces of Eugenics: Local Mirrors and Global Reflections -- I. "HYGIENIC" AND "RATIONAL" MARRIAGE. 1. The Author: Vasilii Florinskii ; 2. The Publisher: Grigorii Blagosvetlov ; 3. The Book: Darwinism and Social Hygiene ; 4. The Hereafter: Words and Deeds -- II. "BOURGEOIS" AND "PROLETARIAN" EUGENICS. 5. Rebirth: Eugenics and Marxism ; 6. Resonance: Euphenics, Medical Genetics, and Rassenhygiene ; 7. Afterlife: Medical Genetics and "Racial" Eugenics ; 8. Science of the Future: With and Without Galton -- Apologia: The Historian's Craft -- Notes -- Index.
506 _aOpen access resource providing free access.
520 _a"In 1865, British polymath Francis Galton published his initial thoughts about the scientific field that would become 'eugenics.' The same year, Russian physician Vasilii Florinskii addressed similar issues in a sizeable treatise, entitled Human Perfection and Degeneration. Initially unheralded, Florinskii's book would go on to have a remarkable afterlife in twentieth- and twenty-first-century Russia. In this lucid and insightful work, Nikolai Krementsov argues that the concept of eugenics brings together ideas, values, practices, and fears energised by a focus on the future. It has proven so seductive to different groups over time because it provides a way to grapple with fundamental existential questions of human nature and destiny. With and Without Galton develops this argument by tracing the life-story of Florinskii's monograph from its uncelebrated arrival amid the Russian empire's Great Reforms, to its reissue after the Bolshevik Revolution, its decline under Stalinism, and its subsequent resurgence: first, as a founding document of medical genetics, and most recently, as a manifesto for nationalists and racial purists. Krementsov's meticulously researched 'biography of a book' sheds light not only on the peculiar fate of eugenics in Russia, but also on its convoluted transnational history, elucidating the field's protean nature and its continuing and contested appeal to diverse audiences, multiple local trajectories, and global trends. It is required reading for historians of eugenics, science, medicine, education, literature, and Russia, and it will also appeal to the general reader looking for a deeper understanding of this challenging subject."--Publisher's website.
538 _aMode of access: World Wide Web.
540 _aThe text of this work is licensed under a Creative Commons Attribution 4.0 International license (CC BY 4.0). For more detailed information consult the publisher's website.
600 1 0 _aFlorinskīĭ, V. M.
_q(Vasilīĭ Markovich),
_d1833-1899
_xInfluence.
600 1 0 _aFlorinskīĭ, V. M.
_q(Vasilīĭ Markovich),
_d1833-1899.
600 1 0 _aGalton, Francis,
_cSir,
_d1822-1911
_xInfluence.
600 1 0 _aGalton, Francis,
_cSir,
_d1822-1911.
650 0 _aEugenics
_zRussia
_xHistory.
650 0 _aEugenics
_zSoviet Union
_xHistory
_y20th century.
710 2 _aOpen Book Publishers,
_epublisher.
856 4 0 _uhttp://doi.org/10.11647/OBP.0144
_zConnect to e-book
856 4 2 _uhttp://www.openbookpublishers.com/shopimages/products/cover/800
_zConnect to cover image
999 _c29260
_d29260